Score 0/80 Timer 10:00
0 Plays Today
% Correct
the
96.9%
the
96.9%
The
96.9%
the
96.9%
I
96.8%
I
96.8%
I
96.8%
a
95.5%
life
93.9%
life
93.9%
life?
93.9%
you
93.5%
you
93.5%
you
93.5%
to
93.1%
to
93.1%
To
93.1%
in
92.8%
rent
91%
year
90.8%
with
90.3%
It
89.7%
your
88.8%
without
88.6%
without
88.6%
is
88.5%
is
88.5%
pay
88.1%
if
87.5%
If
87.5%
or
87%
them
86.9%
them
86.9%
not
86.5%
gonna
86.3%
One
85.7%
one
85.7%
It's
85.5%
We're
85.4%
that
85.1%
% Correct
that
85.1%
for
84.9%
for
84.9%
'Tango
83.5%
Maureen'
83.1%
eyes
82.5%
close
82.1%
this
81.7%
than
81.3%
called
80.5%
song
79.5%
yours
79%
from
77.5%
way
77.3%
miss
77.2%
door
77.1%
more
77.1%
says,
76.4%
'Time
76.3%
die,
76.2%
wake
76.2%
nightmare?
76.2%
tomorrow
75.6%
moon
75.4%
her
74.3%
God
72.9%
chosen
72.8%
Thank
72.7%
danger'
72.7%
dimension
72.3%
we've
71.7%
trim
71.2%
tree
71.2%
leave
69.4%
behind
68.7%
but
68.4%
have
59%
Some
57.2%
always
56.3%
loved
55.6%
Remove Ads.
Support Sporcle.
Get the best of Sporcle when you Go Orange. This ad-free experience offers more features, more stats, and more fun while also helping to support Sporcle. Thank you for becoming a member.

You're not logged in!

Compare scores with friends on all Sporcle quizzes.
OR
Log In

Show Comments

Extras

Top Quizzes Today


Score Distribution

Your Account Isn't Verified!

In order to create a playlist on Sporcle, you need to verify the email address you used during registration. Go to your Sporcle Settings to finish the process.

Report this User

Report this user for behavior that violates our Community Guidelines.

Details: